[Event "GER-chT U12"]
[Site "Schney"]
[Date "2013.12.29"]
[Round "6.3"]
[White "De Rentiis, Davide Luca"]
[Black "Hardt, Silas"]
[Result "0-1"]
[WhiteElo "1073"]
[BlackElo "1305"]
[PlyCount "130"]
[EventDate "2013.12.27"]
[EventType "team-swiss"]
[EventRounds "7"]
[EventCountry "GER"]
[SourceTitle "EXT 2015"]
[Source "ChessBase"]
[SourceDate "2014.11.20"]
[SourceVersion "1"]
[SourceVersionDate "2014.11.20"]
[SourceQuality "1"]
[WhiteTeam "Bebenhausen"]
[BlackTeam "Halver Schalksmuehle"]
[WhiteTeamCountry "GER"]
[BlackTeamCountry "GER"]

1. e4 c5 2. d4 cxd4 3. c3 d3 4. Bxd3 Nc6 5. Nf3 g6 6. 0-0 Bg7 7. Qe2 d6 8. h3 Nf6 9. Rd1 Nd7 10. Be3 0-0 11. Nbd2 Nde5 12. Nxe5 Nxe5 13. Bc2 Bd7 14. Nb3 Nc6 15. Rd2 Qc7 16. Rad1 Be6 17. c4 Ne5 18. c5 dxc5 19. Nxc5 Bc4 20. Bd3 Nxd3 21. Nxd3 b6 22. Rc2 Rac8 23. Rdc1 Qb7 24. Rxc4 Rcd8 25. Nb4 b5 26. Rc7 Qxe4 27. Qxb5 Rb8 28. R1c4 Qb1+ 29. Rc1 Qxc1+ 30. Bxc1 Rxb5 31. Nc6 e6 32. b3 Kh8 33. Rxa7 Rd5 34. Be3 Rd1+ 35. Kh2 h6 36. b4 Rb1 37. a4 Kg8 38. b5 Bc3 39. b6 Kg7 40. a5 Rc8 41. Ne7 Rc4 42. a6 Ra4 43. b7 Rc4 44. Ra8 Ra4 45. a7 Rxb7 46. Nc8 Be5+ 47. g3 Rc4 48. Bf4 Bxf4 49. gxf4 Rxc8 50. Rxc8 Rxa7 51. Kg3 Ra3+ 52. Kg4 Kf6 53. f3 Ra1 54. Rh8 Rg1+ 55. Kh4 h5 56. Rg8 Kf5 57. Rg7 f6 58. Rc7 Kxf4 59. Rc3 Rh1 60. Rc1 g5+ 61. Kxh5 Rxc1 62. h4 gxh4 63. Kg6 h3 64. Kh5 h2 65. Kh4 h1Q# 0-1

[Event "GER-chT U12"]
[Site "Schney"]
[Date "2013.12.28"]
[Round "3.3"]
[White "Hardt, Silas"]
[Black "Kolb, Tobias"]
[Result "1-0"]
[WhiteElo "1305"]
[BlackElo "937"]
[PlyCount "101"]
[EventDate "2013.12.27"]
[EventType "team-swiss"]
[EventRounds "7"]
[EventCountry "GER"]
[SourceTitle "EXT 2015"]
[Source "ChessBase"]
[SourceDate "2014.11.20"]
[SourceVersion "1"]
[SourceVersionDate "2014.11.20"]
[SourceQuality "1"]
[WhiteTeam "Halver Schalksmuehle"]
[BlackTeam "Seubelsdorf"]
[WhiteTeamCountry "GER"]
[BlackTeamCountry "GER"]

1. d4 e6 2. Nf3 d5 3. Bf4 c5 4. c3 Nc6 5. e3 Qb6 6. Qb3 c4 7. Qxb6 axb6 8. Nbd2 Nf6 9. h3 b5 10. a3 b4 11. Be2 bxa3 12. bxa3 Rxa3 13. Rxa3 Bxa3 14. 0-0 0-0 15. Ra1 Bb2 16. Ra2 Bxc3 17. Nb1 Bb4 18. Na3 Bd7 19. Nc2 b5 20. Ne5 Be7 21. Bg5 Rd8 22. Ra6 Nb8 23. Rb6 h6 24. Bxf6 gxf6 25. Nxd7 Nxd7 26. Rxb5 Ra8 27. Rb7 Ra2 28. Bd1 Bd6 29. Rxd7 Bf8 30. Kh2 Rb2 31. h4 Rb1 32. Bh5 Rb2 33. Bxf7+ Kg7 34. Bxe6+ Kg6 35. Rxd5 Rxc2 36. h5+ Kh7 37. Bf5+ Kh8 38. Bxc2 c3 39. Rd8 Kg7 40. Rc8 Bb4 41. Re8 f5 42. Re5 Bd6 43. f4 Bxe5 44. fxe5 Kf7 45. Bxf5 Ke7 46. Kg3 Kf7 47. Kf2 c2 48. Bxc2 Ke6 49. Be4 Kf7 50. Bf5 Ke7 51. d5 1-0

[Event "GER-chT U12"]
[Site "Schney"]
[Date "2013.12.28"]
[Round "4.3"]
[White "Huels, Maximilian"]
[Black "Hardt, Silas"]
[Result "1-0"]
[WhiteElo "1383"]
[BlackElo "1305"]
[PlyCount "95"]
[EventDate "2013.12.27"]
[EventType "team-swiss"]
[EventRounds "7"]
[EventCountry "GER"]
[SourceTitle "EXT 2015"]
[Source "ChessBase"]
[SourceDate "2014.11.20"]
[SourceVersion "1"]
[SourceVersionDate "2014.11.20"]
[SourceQuality "1"]
[WhiteTeam "Treptow"]
[BlackTeam "Halver Schalksmuehle"]
[WhiteTeamCountry "GER"]
[BlackTeamCountry "GER"]

1. e4 c5 2. c3 Nf6 3. e5 Nd5 4. d4 cxd4 5. cxd4 Nc6 6. Nc3 Nb6 7. Nf3 d5 8. Be3 Bf5 9. Bd3 Bxd3 10. Qxd3 e6 11. 0-0 Be7 12. Rac1 0-0 13. b3 Rc8 14. Nd2 Nd7 15. f4 f5 16. Nf3 h6 17. Ne2 Nb4 18. Qb1 Qa5 19. Bd2 Qxa2 20. Qxa2 Nxa2 21. Ra1 Nb4 22. Rxa7 Rb8 23. Rc1 Nc6 24. Rxc6 bxc6 25. Rxd7 Bd8 26. Rd6 Be7 27. Rxe6 Kf7 28. Rxc6 Rxb3 29. Ng3 g6 30. Ne2 Rb1+ 31. Kf2 Ra8 32. Nc3 Rb2 33. Nxd5 Re8 34. Ne3 Bb4 35. e6+ Kf6 36. Nd5+ Kg7 37. Nxb4 Rb8 38. Nd5 R2b5 39. Rc7+ Kh8 40. Nf6 R5b7 41. Rxb7 Rxb7 42. d5 Kg7 43. Nd7 Ra7 44. Bc3+ Kh7 45. e7 Ra8 46. d6 Kg8 47. e8Q+ Rxe8 48. Nf6+ 1-0

[Event "GER-chT U12"]
[Site "Verden"]
[Date "2012.12.28"]
[Round "3.3"]
[White "Timpel, Kaan"]
[Black "Hardt, Silas"]
[Result "1/2-1/2"]
[WhiteElo "939"]
[BlackElo "1087"]
[PlyCount "97"]
[EventDate "2012.12.27"]
[EventType "team-swiss"]
[EventRounds "7"]
[EventCountry "GER"]
[SourceTitle "EXT 2014"]
[Source "ChessBase"]
[SourceDate "2013.11.20"]
[SourceVersion "1"]
[SourceVersionDate "2013.11.20"]
[SourceQuality "1"]
[WhiteTeam "Schoeneck"]
[BlackTeam "Halver Schalksmuehle"]
[WhiteTeamCountry "GER"]
[BlackTeamCountry "GER"]

1. e4 e5 2. Nf3 Nc6 3. Bc4 Bc5 4. Nc3 d6 5. d3 Bg4 6. h3 Bh5 7. g4 Bg6 8. h4 h6 9. g5 hxg5 10. Nxg5 f6 11. Ne6 Qd7 12. Nb5 Bb6 13. Be3 Nd4 14. Nexd4 exd4 15. Bxd4 Qc6 16. Bxb6 Qxb6 17. h5 Qc5 18. Qf3 0-0-0 19. Qe3 Kb8 20. Qxc5 dxc5 21. 0-0-0 Rxh5 22. Rxh5 Bxh5 23. Rh1 g6 24. f4 Ne7 25. f5 Bf3 26. Rh3 Bh5 27. Bf7 Rf8 28. fxg6 Bxg6 29. Bxg6 Nxg6 30. Rh6 Nf4 31. Nc3 c6 32. Kd2 b5 33. Ne2 Nxe2 34. Kxe2 Kb7 35. c4 bxc4 36. dxc4 f5 37. e5 Kc7 38. Rh7+ Kd8 39. Rxa7 Re8 40. Kf3 Rxe5 41. Kf4 Re2 42. b3 Rf2+ 43. Kg3 Rf1 44. Rf7 Ke8 45. Rf6 Kd7 46. a4 Rb1 47. Rxf5 Rxb3+ 48. Kf4 Rb4 49. Rxc5 1/2-1/2

[Event "GER-chT U12"]
[Site "Verden"]
[Date "2012.12.27"]
[Round "2.4"]
[White "Bock, Alexander"]
[Black "Hardt, Silas"]
[Result "1/2-1/2"]
[WhiteElo "1012"]
[BlackElo "1087"]
[PlyCount "40"]
[EventDate "2012.12.27"]
[EventType "team-swiss"]
[EventRounds "7"]
[EventCountry "GER"]
[SourceTitle "EXT 2014"]
[Source "ChessBase"]
[SourceDate "2013.11.20"]
[SourceVersion "1"]
[SourceVersionDate "2013.11.20"]
[SourceQuality "1"]
[WhiteTeam "Stadtilm Blau Weiss"]
[BlackTeam "Halver Schalksmuehle"]
[WhiteTeamCountry "GER"]
[BlackTeamCountry "GER"]

1. e4 e5 2. Nf3 Nc6 3. d3 Nf6 4. Be3 Be7 5. g3 d6 6. h3 Be6 7. Bg2 d5 8. Nbd2 Qd7 9. c3 0-0-0 10. Ng5 d4 11. cxd4 Nxd4 12. Ndf3 Kb8 13. Bxd4 exd4 14. b3 Rhf8 15. Nxe6 fxe6 16. Qc2 Bd6 17. Qb2 e5 18. Ng5 Rde8 19. f4 h6 20. Nf3 Nh5 1/2-1/2